О машинах вечного движения

Bibliografski detalji
Glavni autor: Вознесенский Н. Н.
Sažetak:Работа, премированная Комитетом по делам изобретений на Всероссийском конкурсе
Jezik:ruski
Izdano: Москва, Гостехиздат, 1921
Serija:Рабочая библиотека. Серия А
Teme:
Format: MixedMaterials Knjiga
KOHA link:https://koha.lib.tpu.ru/cgi-bin/koha/opac-detail.pl?biblionumber=281108

MARC

LEADER 00000nam0a2200000 4500
001 281108
005 20231101235354.0
035 |a (RuTPU)RU\TPU\book\304748 
090 |a 281108 
100 |a 20150119d1921 km y0rusy50 ca 
101 0 |a rus 
102 |a RU 
105 |a a z 001zy 
200 1 |a О машинах вечного движения  |f Н. Н. Вознесенский 
210 |a Москва  |c Гостехиздат  |d 1921 
215 |a 56 с.  |c ил. 
225 1 |a Рабочая библиотека. Серия А  |x № XIII-1 
300 |a Работа, премированная Комитетом по делам изобретений на Всероссийском конкурсе 
320 |a Библиогр.: с. 54-56 
606 1 |a Вечный двигатель  |2 stltpush  |3 (RuTPU)RU\TPU\subj\2343  |9 30923 
610 1 |a изобретения 
610 1 |a сила 
610 1 |a работа 
610 1 |a топливо 
610 1 |a энергия 
610 1 |a теплота 
610 1 |a кинетическая энергия 
610 1 |a химическая энергия 
610 1 |a трение 
610 1 |a инерция 
675 |a 536.72  |v 4 
700 1 |a Вознесенский  |b Н. Н. 
801 1 |a RU  |b 63413507  |c 20150119 
801 2 |a RU  |b 63413507  |c 20180214  |g RCR 
942 |c BK